Analýza zmien v spotrebiteľskom dopyte vplyvom zmien DPH diplomová práca

Na minha lista:
Detalhes bibliográficos
Autor principal: Šalgovič, Michal
Autor Corporativo: Fakulta podnikového manažmentu EU. Katedra podnikovohospodárska
Outros Autores: Grisáková, Nora, 1978-
Formato: Livro
Idioma:eslovaco
Publicado em: Bratislava 2012
Tags: Adicionar Tag
Sem tags, seja o primeiro a adicionar uma tag!

MARC

LEADER 00000nbm a2200000 4500
001 0153981
005 20161109102129.9
041 0 |a slo 
044 |a SK 
245 1 0 |a Analýza zmien v spotrebiteľskom dopyte vplyvom zmien DPH  |b diplomová práca  |c Michal Šalgovič ; školiteľ: Nora Grisáková 
264 1 |a Bratislava  |c 2012 
300 |a 75 s. 
100 1 |a Šalgovič, Michal 
700 1 |a Grisáková, Nora, 1978- 
710 2 |a Fakulta podnikového manažmentu EU. Katedra podnikovohospodárska